| 000 | 00695 a2200229 4500 | ||
|---|---|---|---|
| 999 |
_c200130220 _d30909 |
||
| 001 | 200130220 | ||
| 003 | TR-AnTOB | ||
| 005 | 20230530001112.0 | ||
| 008 | 130812s2013 tu 000 0 | ||
| 020 | _a9786051372754 | ||
| 040 |
_aTR-AnTOB _cTR-AnTOB |
||
| 041 | _atur | ||
| 050 |
_aTS1767 _bT44 2013 |
||
| 090 | _aTS1767 T44 2013 | ||
| 245 | 0 |
_aTekstil atık sularında boyaların biyobozunma ile giderilmesi / _bİTO |
|
| 264 | 1 |
_aİstanbul: _bİstanbul Sanayi Odası, _c2013 |
|
| 300 |
_a88 s. _c29 cm. |
||
| 650 | 0 |
_aDokumalı kumaşlar _xTeknolojik yenilikler _992170 |
|
| 650 | 0 |
_aTextile fabrics _xTechnological innovations _933095 |
|
| 710 | 2 |
_aİstanbul Ticaret Odası _919571 |
|
| 942 |
_cBK _2lcc |
||